| 000 | 01476cam a2200361 a 4500 | ||
|---|---|---|---|
| 001 | eppiestoryofannl00howa | ||
| 003 | CaSfIA | ||
| 005 | 20210118004818.0 | ||
| 007 | cr|||| | ||
| 008 | 820304s1982 nyuaf 000 0beng | ||
| 010 | _a 82003816 | ||
| 040 |
_aDLC _cDLC _dBTCTA _dBAKER _dOCLCG _dCaSfIA |
||
| 020 |
_a0399126880 : _c$13.95 |
||
| 020 | _a9780399126888 | ||
| 035 | _a(OCoLC)8282863 | ||
| 043 | _an-us--- | ||
| 050 | 0 | 0 |
_aPN4874.L23 _bH68 1982 |
| 082 | 1 | 4 |
_a070/.92/4 _aB _219 |
| 100 | 1 |
_aHoward, Margo, _d1940- |
|
| 245 | 1 | 0 |
_aEppie : _h[electronic resource] _bthe story of Ann Landers / _cby Margo Howard. |
| 260 |
_aNew York : _bPutnam, _cc1982. |
||
| 300 |
_a253 p., [8] p. of plates : _bill. ; _c23 cm. |
||
| 600 | 1 | 0 | _aLanders, Ann. |
| 650 | 0 |
_aAdvice columnists _zUnited States _vBiography. |
|
| 856 | 4 | 1 |
_uhttp://www.archive.org/details/eppiestoryofannl00howa _zFree eBook from the Internet Archive |
| 856 | 4 | 2 |
_uhttp://www.openlibrary.org/books/OL3484337M _zAdditional information and access via Open Library |
| 029 | 1 |
_aNZ1 _b2649084 |
|
| 029 | 1 |
_aAU@ _b000002192398 |
|
| 029 | 1 |
_aHEBIS _b048708399 |
|
| 942 | _cEB | ||
| 506 | _fНеобхідна авторизація на https://archive.org/ (створення облікового запису безкоштовно) | ||
| 506 | _fНеобхідна авторизація на https://openlibrary.org/ (створення облікового запису безкоштовно) | ||
| 999 |
_c493369 _d493369 |
||